|
|
|
|
| LEADER |
00000nas a2200000 a 4500 |
| 001 |
ssj0003884 |
| 003 |
WaSeSS |
| 005 |
20200512172242.0 |
| 006 |
m d |
| 007 |
cr n |
| 008 |
981002c19889999gw qx pss s 0 a0eng c |
| 010 |
|
|
|a 2004233418
|
| 015 |
|
|
|a 02,A01,0411
|2 dnb
|
| 016 |
7 |
|
|a 01952773X
|2 DE-101
|
| 016 |
7 |
|
|a 1459367-1
|2 DE-600
|
| 016 |
7 |
|
|a 013103545
|2 Uk
|
| 022 |
|
|
|a 1432-1475
|l 0933-1433
|y 0933-1433
|
| 024 |
8 |
|
|a eb555070
|
| 035 |
|
|
|a (WaSeSS)ssj0003884
|
| 040 |
|
|
|a PIT
|b eng
|c PIT
|d OCL
|d AAA
|d OCL
|d OCLCQ
|d GUA
|d OCLCQ
|d HUA
|d MUQ
|d OCLCQ
|d OCL
|d EYM
|d OCLCQ
|d GWDNB
|d UKMGB
|d OCLCQ
|d OCLCF
|d OCLCQ
|d DEBBG
|d WT2
|d OCLCO
|d OCLCA
|d GILDS
|d OCLCQ
|d OCLCO
|d AU@
|d OCLCO
|d VT2
|d OCLCA
|d NJT
|d SFB
|d DLC
|d OCLCQ
|d OCLCO
|d WaSeSS
|
| 042 |
|
|
|a pcc
|
| 050 |
0 |
0 |
|a HB849.41
|
| 082 |
0 |
4 |
|a 304.6
|b J86
|
| 130 |
0 |
|
|a Journal of population economics (Online)
|
| 245 |
1 |
0 |
|a Journal of population economics
|h [electronic resource].
|
| 246 |
3 |
0 |
|a Population economics
|
| 246 |
1 |
7 |
|a J popul econ
|
| 260 |
|
|
|a Heidelberg :
|b Springer-Verlag,
|c 1988-
|
| 310 |
|
|
|a Four issues a year
|
| 362 |
0 |
|
|a Vol. 1, issue 1 (June 1988)-
|
| 500 |
|
|
|a Title from cover (JSTOR, viewed Nov. 21, 2008).
|
| 506 |
|
|
|a License restrictions may limit access.
|
| 538 |
|
|
|a Mode of access: World Wide Web.
|
| 588 |
1 |
|
|a Vol. 33, issue 1 (Jan. 2020), (Springer Link, viewed Jan. 15, 2020).
|
| 650 |
|
0 |
|a Population
|x Economic aspects
|v Periodicals.
|
| 650 |
|
6 |
|a Population
|x Aspect économique
|v Périodiques.
|
| 650 |
|
7 |
|a Population
|x Economic aspects.
|2 fast
|0 (OCoLC)fst01071483
|
| 650 |
|
7 |
|a Bevölkerungsökonomie
|2 gnd
|
| 650 |
|
7 |
|a Bevölkerungsstatistik
|2 gnd
|
| 650 |
|
7 |
|a Statistik
|2 gnd
|
| 650 |
|
7 |
|a Zeitschrift
|2 gnd
|
| 650 |
|
7 |
|a Online-Ressource
|2 gnd
|
| 650 |
|
7 |
|a Sociology and social work.
|2 galestne
|
| 650 |
1 |
7 |
|a Bevolking.
|2 gtt
|
| 650 |
1 |
7 |
|a Economische aspecten.
|2 gtt
|
| 653 |
0 |
|
|a Sociology and social work
|
| 655 |
|
0 |
|a Electronic journals.
|
| 710 |
2 |
|
|a Springer-Verlag.
|
| 776 |
0 |
8 |
|i Print version:
|t Journal of population economics
|x 0933-1433
|w (DLC) 91658531
|w (OCoLC)18597923
|
| 850 |
|
|
|a DLC
|
| 856 |
4 |
0 |
|z Full text available from Research Library: 04/01/1997 to 1 year ago
|u https://search.proquest.com/publication/31526
|